000 00638nam a2200181Ia 4500
008 100920s9999 xx 000 0 und d
082 _b107079
_a--- न 09
100 _aभावे ऊर्मिला.
245 _aभूत-काळातील भुतावळ.
260 _bनिशिगंधा प्रकाशन, पुणे.
_c2009
300 _a288
_bसाधी
365 _b290
520 _aकादंबरी.
630 _aभूत-काळातील भुतावळ.
650 _aकादंबरी.
730 _aभूत-काळातील भुतावळ.
942 _cBOOK
999 _c747503
_d747500